100 Biggest Cities and Towns in the UK - Statistics

General Stats
  • This quiz has been taken 386 times
  • The average score is 63 of 100
Answer Stats
Population City % Correct
9,047,570 London
100%
1,160,254 Birmingham
99%
586,889 Liverpool
99%
563,561 Manchester
99%
629,920 Glasgow
98%
504,020 Edinburgh
97%
354,178 Cardiff
96%
511,164 Leeds
96%
287,535 Newcastle upon Tyne
95%
577,246 Bristol
93%
315,987 Nottingham
93%
552,143 Sheffield
92%
198,480 Aberdeen
91%
338,160 Belfast
91%
244,917 Brighton and Hove
91%
269,750 Southampton
90%
185,460 Swansea
90%
472,558 Leicester
89%
239,677 Plymouth
89%
162,291 Oxford
88%
248,929 Portsmouth
88%
148,861 Cambridge
87%
288,028 Kingston upon Hull
87%
382,073 Coventry
85%
164,369 York
85%
197,212 Norwich
84%
264,654 Derby
82%
145,821 Blackpool
81%
366,187 Bradford
81%
278,137 Stoke-on-Trent
80%
220,873 Wolverhampton
80%
197,383 Bournemouth
78%
149,010 Dundee
78%
125,819 Exeter
78%
230,031 Northampton
77%
229,482 Reading
76%
148,742 Ipswich
75%
87,983 Chester
74%
106,415 Lincoln
72%
174,807 Sunderland
72%
103,614 Bath
71%
147,509 Gloucester
70%
177,354 Middlesbrough
70%
178,805 Peterborough
70%
221,502 Luton
69%
136,078 Newport
68%
99,760 Preston
66%
102,791 Worcester
66%
184,824 Milton Keynes
65%
185,111 Southend-on-Sea
62%
205,411 Bolton
61%
138,131 Colchester
61%
116,834 Doncaster
61%
120,932 Blackburn
60%
171,809 Huddersfield
58%
192,408 Swindon
58%
141,651 Watford
55%
107,732 Wigan
55%
159,449 Poole
52%
108,606 Oldham
51%
117,073 Cheltenham
49%
88,323 Grimsby
49%
111,481 Rotherham
49%
122,657 Salford
49%
93,378 Bedford
48%
111,694 Stockport
48%
118,759 Chelmsford
46%
164,770 Slough
46%
98,924 Barnsley
45%
145,775 Birkenhead
45%
113,893 Rochdale
44%
89,469 Chesterfield
43%
114,809 Eastbourne
43%
172,684 Warrington
43%
112,198 Crawley
42%
107,546 Wakefield
42%
93,539 Hastings
41%
93,902 Southport
41%
92,923 Halifax
40%
90,074 Hartlepool
38%
93,305 Darlington
37%
122,249 Gateshead
37%
108,584 Gillingham
37%
123,813 High Wycombe
37%
119,905 Maidstone
36%
152,222 Telford
36%
127,898 Solihull
34%
105,127 St Helens
34%
107,531 Sutton Coldfield
34%
107,854 Woking
32%
115,191 Worthing
32%
114,402 Basingstoke
31%
94,081 Stevenage
31%
88,485 Weston-super-Mare
31%
117,681 Basildon
30%
138,206 Sale
30%
102,870 Hemel Hempstead
27%
90,429 Nuneaton
27%
88,950 Aylesbury
24%
99,556 Rayleigh
19%
No matching quizzes found
Score Distribution
Percent of People with Each Score
Percentile by Number Answered
Your Score History
You have not taken this quiz